000 00419nam a2200181Ia 4500
001 4182
005 20260306145737.0
008 260306t2004||||xx |||||||||||||| ||spa||
041 _aESP
082 _a320
_bG77
100 _aGray, John
_eAUT
245 0 _aAl Qaeda y lo que significa ser moderno
260 _c2004
300 _a184 páginas :
_ccm.
650 _aGEN
654 _aCDE
942 _cLIB
_dJUS
_fJUS
_2ddc
_n
999 _c4182
_d4182